000 00561nam a2200205Ia 4500
005 20250508151631.0
008 008 250505s9999 xx 000 0 eng d
037 _aTextBook
040 _aFEDL
_beng
_cFEDL
041 _aeng
_2eng
084 _a370.1, HOR
_qFEDL
100 _aHorne H H
_9759640
245 0 _aDemocratic philosophy of education
260 _aNew York, USA
_bMacmillan
_c1932
300 _axxiii,547p
365 _aINR
_b27.8
650 _aEducation-Philosophy
_921056
942 _cTB
_h370.1, HOR
999 _c1331036
_d1331036